| 000 | 00730nam a22002417a 4500 | ||
|---|---|---|---|
| 003 | UA-OsUOA | ||
| 001 | 42090 | ||
| 007 | ta | ||
| 008 | 20061024b un ||||| |||| 00| 0 ukr d | ||
| 100 | _aЗалєтов О. М. | ||
| 090 |
_a368(075.8) _bЗ-23 |
||
| 942 | _cBK | ||
| 040 |
_aUA-OsUOA _bukr _cUA-OsUOA _dUA-OsUOA |
||
| 245 |
_aСтрахування _bнавчальний посібник _cза ред. О. О. Слюсаренка |
||
| 300 | _a320 с. | ||
| 955 | _a2 | ||
| 041 | _aukr | ||
| 080 | _a368(075.8) | ||
| 020 | _a966-8283-05-8 | ||
| 260 |
_aК. _bBeeZone _c2003 |
||
| 650 | 7 |
_a36 Забезпечення духовних та матеріальних життєвих потреб _2UDC |
|
| 999 |
_c328228 _d328228 |
||